000 00772nam a2200289Ia 4500
005 20260121125339.0
008 008 260114s9999 xx 000 0 eng d
020 _a9781479838394
037 _aEBOOK
040 _aCRL
040 _beng
040 _cCRL
041 _2eng
041 _aeng
084 _qCRL
100 _aowensby, Brian P.
_9991404
245 0 _aJustice in a New World: Negotiating Legal Intelligibility in British, Iberian, and Indigenous America
260 _bWalter de Gruyter
260 _bWalter de Gruyter
260 _c2018
650 _aHistory
_9991405
700 _a Ross, Richard J.
_9991406
856 _uhttp://www.degruyter.com/isbn/9781479838394
942 _cEBOOK
999 _c1561327
_d1561327